000 00525cam a2200169 4500500
005 20260308004358.0
041 _afre
042 _adc
100 1 0 _aBaron, Anne-Marie
_eauthor
700 1 0 _aGagneux, Yves
_eauthor
700 1 0 _aLamy, Isabelle
_eauthor
245 0 0 _aEditorial
260 _c2025.
500 _a6
786 0 _nClio. Women, Gender, History | 61 | 1 | 2025-07-01 | p. 7-14 | 1252-7017
856 4 1 _uhttps://shs.cairn.info/journal-clio-women-gender-history-2025-1-page-7?lang=en&redirect-ssocas=7080
999 _c1678220
_d1678220